000 00281nam a2200121Ia 4500
008 190216s9999||||xx |||||||||||||| ||und||
100 _aThakazhi
245 0 _aThotiyude Magan
260 _bSahithya Pravarthaka Sahakarana Sangam
300 _a133
650 _aNovel
942 _cBK
999 _c28497
_d28497